[Event "Danish CPH 2023 for 50+ and 65+"]
[Site "Nyhavnsgade 14, 2. sal. 9000 Aalborg"]
[Date "2023.02.22"]
[Round "4.4"]
[White "Nielsen, Niels-Peter"]
[Black "Lilja, Richard"]
[Result "1-0"]
[BlackElo "2004"]
[WhiteElo "2030"]
[LiveChessVersion "1.4.8"]

1. e4 {[%clk 1:30:58]} d6 {[%clk 1:30:48]} 2. d4 {[%clk 1:31:23]} Nf6
{[%clk 1:31:10]} 3. Nc3 {[%clk 1:31:49]} Nbd7 {[%clk 1:31:29]} 4. Nf3
{[%clk 1:27:55]} e5 {[%clk 1:29:45]} 5. Bc4 {[%clk 1:21:05]} Be7 {[%clk 1:30:08]}
6. O-O {[%clk 1:15:18]} c6 {[%clk 1:30:07]} 7. Qe2 {[%clk 1:13:38]} b5
{[%clk 1:29:48]} 8. dxe5 {[%clk 1:13:47]} dxe5 {[%clk 1:27:35]} 9. Bd3
{[%clk 1:11:52]} Qc7 {[%clk 1:22:49]} 10. Nd1 {[%clk 1:10:37]} Nc5
{[%clk 1:19:30]} 11. b3 {[%clk 1:05:03]} O-O {[%clk 1:16:04]} 12. Bb2
{[%clk 1:04:44]} Nxd3 {[%clk 1:13:44]} 13. cxd3 {[%clk 1:04:44]} Nd7
{[%clk 1:14:02]} 14. Ne3 {[%clk 1:04:10]} Re8 {[%clk 0:59:47]} 15. Rfc1
{[%clk 1:03:05]} Bb7 {[%clk 0:55:39]} 16. d4 {[%clk 1:00:10]} exd4
{[%clk 0:53:47]} 17. Nd5 {[%clk 0:56:56]} Qd6 {[%clk 0:43:10]} 18. Nxe7+
{[%clk 0:56:55]} Qxe7 {[%clk 0:41:40]} 19. Nxd4 {[%clk 0:56:22]} Qxe4
{[%clk 0:34:38]} 20. Qxe4 {[%clk 0:52:32]} Rxe4 {[%clk 0:35:02]} 21. Nxc6
{[%clk 0:48:46]} Rae8 {[%clk 0:26:48]} 22. Nd4 {[%clk 0:46:20]} Nc5
{[%clk 0:22:10]} 23. f3 {[%clk 0:45:11]} R4e5 {[%clk 0:22:23]} 24. Nxb5
{[%clk 0:43:57]} Nxb3 {[%clk 0:17:51]} 25. Bxe5 {[%clk 0:41:04]} Nxc1
{[%clk 0:18:15]} 26. Rxc1 {[%clk 0:39:50]} Rxe5 {[%clk 0:18:40]} 27. Nd6
{[%clk 0:39:39]} Ba6 {[%clk 0:18:50]} 28. Rc7 {[%clk 0:39:29]} Re1+
{[%clk 0:14:33]} 29. Kf2 {[%clk 0:39:51]} Re2+ {[%clk 0:14:38]} 30. Kg3
{[%clk 0:40:03]} Rxa2 {[%clk 0:14:36]} 31. Rxa7 {[%clk 0:39:31]} h6
{[%clk 0:14:27]} 32. Nxf7 {[%clk 0:39:09]} Bc4 {[%clk 0:12:13]} 33. Rxa2
{[%clk 0:39:14]} Bxa2 {[%clk 0:12:41]} 34. Nd6 {[%clk 0:39:15]} g6
{[%clk 0:12:13]} 35. h4 {[%clk 0:39:09]} Kg7 {[%clk 0:10:43]} 36. Kf4
{[%clk 0:39:05]} Kf6 {[%clk 0:09:52]} 37. Ne4+ {[%clk 0:38:57]} Kg7
{[%clk 0:06:56]} 38. Ke5 {[%clk 0:37:16]} h5 {[%clk 0:06:23]} 39. g4
{[%clk 0:29:42]} hxg4 {[%clk 0:06:43]} 40. fxg4 {[%clk 0:30:10]} Bb3
{[%clk 0:05:33]} 41. Nf2 {[%clk 0:28:01]} Bc2 {[%clk 0:02:58]} 42. Ke6
{[%clk 0:26:07]} Bb3+ {[%clk 0:02:38]} 43. Ke7 {[%clk 0:25:45]} Bc4
{[%clk 0:24:15]} 44. g5 {[%clk 0:55:32]} Bb3 {[%clk 0:19:48]} 45. Ne4
{[%clk 0:53:34]} Bc2 {[%clk 0:18:52]} 46. Nf6 {[%clk 0:52:24]} Ba4
{[%clk 0:15:24]} 47. Ne8+ {[%clk 0:52:08]} Kh7 {[%clk 0:15:03]} 48. Kf8
{[%clk 0:50:49]} Bb3 {[%clk 0:12:51]} 49. Nf6+ {[%clk 0:51:05]} Kh8
{[%clk 0:13:15]} 50. h5 {[%clk 0:51:26]} Bc2 {[%clk 0:12:28]} 51. h6
{[%clk 0:50:36]} Bb3 {[%clk 0:09:42]} 52. Nd7 {[%clk 0:49:56]} Be6
{[%clk 0:07:34]} 53. Ke7 {[%clk 0:49:50]} Bf5 {[%clk 0:07:14]} 54. Nf8
{[%clk 0:49:55]} Kg8 {[%clk 0:07:20]} 55. Kf6 {[%clk 0:50:17]} Bb1
{[%clk 0:04:24]} 56. Nxg6 {[%clk 0:50:27]} Kh7 {[%clk 0:04:49]} 57. Nh4
{[%clk 0:50:23]} Bc2 {[%clk 0:05:05]} 58. Nf5 {[%clk 0:50:33]} Bb1
{[%clk 0:04:48]} 59. g6+ {[%clk 0:49:15]} Kh8 {[%clk 0:05:13]} 60. Ne7
{[%clk 0:42:35]} Bxg6 {[%clk 0:04:27]} 61. Nxg6+ {[%clk 0:42:56]} Kh7
{[%clk 0:04:42]} 62. Kg5 {[%clk 0:43:21]} Kg8 {[%clk 0:05:05]} 63. Nh4
{[%clk 0:43:02]} Kh7 {[%clk 0:05:23]} 64. Nf3 {[%clk 0:42:48]} Kg8
{[%clk 0:03:47]} 65. Kg6 {[%clk 0:43:01]} Kh8 {[%clk 0:04:07]} 66. Ne5
{[%clk 0:43:18]} 1-0

[Event "Danish CPH 2023 for 50+ and 65+"]
[Site "Nyhavnsgade 14, 2. sal. 9000 Aalborg"]
[Date "2023.02.22"]
[Round "4.5"]
[White "Pilgaard, Erik"]
[Black "Pors, Kim"]
[Result "0-1"]
[BlackElo "1406"]
[WhiteElo "1442"]
[LiveChessVersion "1.4.8"]

1. e4 {[%clk 1:30:57]} e5 {[%clk 1:29:39]} 2. Nf3 {[%clk 1:30:40]} d6
{[%clk 1:28:58]} 3. Be2 {[%clk 1:30:11]} Nc6 {[%clk 1:28:50]} 4. O-O
{[%clk 1:29:31]} Be6 {[%clk 1:26:03]} 5. c3 {[%clk 1:27:23]} Nf6 {[%clk 1:24:32]}
6. d3 {[%clk 1:24:59]} h6 {[%clk 1:24:00]} 7. Nbd2 {[%clk 1:24:28]} Be7
{[%clk 1:18:11]} 8. d4 {[%clk 1:21:38]} exd4 {[%clk 1:16:32]} 9. cxd4
{[%clk 1:19:05]} Bg4 {[%clk 1:09:19]} 10. e5 {[%clk 1:13:39]} dxe5
{[%clk 0:51:39]} 11. Nxe5 {[%clk 1:08:40]} Bxe2 {[%clk 0:49:06]} 12. Nxc6
{[%clk 1:08:18]} Bxd1 {[%clk 0:47:24]} 13. Nxd8 {[%clk 1:08:36]} Rxd8
{[%clk 0:47:22]} 14. Rxd1 {[%clk 1:08:35]} Rxd4 {[%clk 0:47:31]} 15. Re1
{[%clk 1:08:26]} Rd7 {[%clk 0:44:13]} 16. Nc4 {[%clk 1:06:56]} Nd5
{[%clk 0:37:10]} 17. Ne5 {[%clk 1:06:37]} Rd6 {[%clk 0:32:36]} 18. Be3
{[%clk 1:06:38]} Nxe3 {[%clk 0:29:49]} 19. Rxe3 {[%clk 1:05:47]} O-O
{[%clk 0:28:20]} 20. Ng6 {[%clk 1:05:44]} Rxg6 {[%clk 0:26:43]} 21. Rxe7
{[%clk 1:06:04]} Rc6 {[%clk 0:26:22]} 22. Re2 {[%clk 1:06:14]} Rd6
{[%clk 0:24:33]} 23. Rae1 {[%clk 1:05:46]} Rfd8 {[%clk 0:24:15]} 24. g3
{[%clk 1:05:41]} Rd1 {[%clk 0:24:03]} 25. Re8+ Rxe8 {[%clk 0:23:26]} 26. Rxd1
{[%clk 1:01:13]} Re7 {[%clk 0:23:36]} 27. Kf1 {[%clk 0:59:24]} f6
{[%clk 0:22:57]} 28. h4 {[%clk 0:58:46]} Kf7 {[%clk 0:19:40]} 29. f4
{[%clk 0:58:28]} c6 {[%clk 0:16:13]} 30. Kf2 {[%clk 0:58:40]} Ke8
{[%clk 0:15:32]} 31. Kf3 {[%clk 0:58:21]} f5 {[%clk 0:14:38]} 32. Rd6
{[%clk 0:56:38]} Rd7 {[%clk 0:13:11]} 33. Re6+ {[%clk 0:54:12]} Kf7
{[%clk 0:13:05]} 34. Re5 {[%clk 0:53:56]} Kf6 {[%clk 0:11:49]} 35. Ke3
{[%clk 0:53:34]} h5 {[%clk 0:11:41]} 36. a3 {[%clk 0:52:56]} b6 {[%clk 0:09:55]}
37. Re8 {[%clk 0:51:54]} Re7+ {[%clk 0:09:53]} 38. Rxe7 {[%clk 0:51:45]} Kxe7
{[%clk 0:10:11]} 39. b4 {[%clk 0:51:43]} Kd6 {[%clk 0:09:58]} 40. Kd4
{[%clk 0:51:57]} b5 {[%clk 0:04:41]} 41. Kc3 {[%clk 0:51:10]} Kd5
{[%clk 0:03:59]} 42. Kd3 {[%clk 0:49:30]} c5 {[%clk 0:03:09]} 43. bxc5
{[%clk 0:49:12]} Kxc5 {[%clk 0:03:27]} 44. Kc3 {[%clk 0:49:25]} a5
{[%clk 0:03:06]} 0-1

[Event "Danish CPH 2023 for 50+ and 65+"]
[Site "Nyhavnsgade 14, 2. sal. 9000 Aalborg"]
[Date "2023.02.22"]
[Round "4.6"]
[White "Grue, Vibeke"]
[Black "Schacht, Jorgen Vejby"]
[Result "0-1"]
[BlackElo "1654"]
[WhiteElo "986"]
[LiveChessVersion "1.4.8"]

1. e4 {[%clk 1:30:05]} c5 {[%clk 1:30:55]} 2. Bc4 {[%clk 1:29:11]} e6
{[%clk 1:30:49]} 3. Nc3 {[%clk 1:26:48]} Nc6 {[%clk 1:30:41]} 4. Nf3
{[%clk 1:26:40]} a6 {[%clk 1:29:57]} 5. a4 {[%clk 1:24:46]} g6 6. d4
{[%clk 1:22:57]} cxd4 {[%clk 1:28:00]} 7. Nxd4 {[%clk 1:22:15]} Bg7
{[%clk 1:28:18]} 8. Nf3 {[%clk 1:21:26]} Nge7 {[%clk 1:24:38]} 9. Bd2
{[%clk 1:21:06]} O-O {[%clk 1:23:08]} 10. Qe2 {[%clk 1:21:25]} d5
{[%clk 1:20:07]} 11. Bd3 {[%clk 1:20:29]} d4 {[%clk 1:18:14]} 12. Nd1
{[%clk 1:17:39]} e5 {[%clk 1:13:30]} 13. Bc4 {[%clk 1:16:42]} Kh8
{[%clk 1:13:36]} 14. Ng5 {[%clk 1:16:20]} Qe8 {[%clk 1:07:42]} 15. Qf3
{[%clk 1:08:36]} Nd8 {[%clk 1:02:30]} 16. Bb4 {[%clk 1:07:40]} f6
{[%clk 0:40:43]} 17. Nxh7 {[%clk 0:57:24]} Kxh7 {[%clk 0:35:39]} 18. g4
{[%clk 0:57:17]} Be6 {[%clk 0:32:39]} 19. Qh3+ {[%clk 0:56:35]} Bh6
{[%clk 0:28:47]} 20. Bd2 {[%clk 0:50:00]} g5 {[%clk 0:27:48]} 21. Bd3
{[%clk 0:49:35]} Ng6 {[%clk 0:24:17]} 22. Qf1 {[%clk 0:46:28]} Nh4
{[%clk 0:20:26]} 23. f3 {[%clk 0:43:12]} Kg7 {[%clk 0:18:16]} 24. c3
{[%clk 0:43:10]} Nc6 {[%clk 0:17:31]} 25. Qf2 {[%clk 0:40:08]} Qd7
{[%clk 0:16:11]} 26. c4 {[%clk 0:40:17]} Rac8 {[%clk 0:12:49]} 27. a5
{[%clk 0:39:47]} Qe7 {[%clk 0:10:28]} 28. Ra4 {[%clk 0:37:43]} Rh8
{[%clk 0:08:55]} 29. O-O {[%clk 0:38:03]} Ng6 {[%clk 0:08:31]} 30. b4
{[%clk 0:38:23]} Nf4 {[%clk 0:07:06]} 31. Bxf4 {[%clk 0:36:45]} gxf4
{[%clk 0:07:29]} 32. Qd2 {[%clk 0:30:42]} Bg5 {[%clk 0:07:50]} 33. Rf2
{[%clk 0:27:14]} Rh3 {[%clk 0:06:16]} 34. Bf1 {[%clk 0:23:03]} Rh6
{[%clk 0:06:42]} 35. Nb2 {[%clk 0:20:56]} Rch8 {[%clk 0:06:53]} 36. h3
{[%clk 0:19:48]} Bh4 {[%clk 0:05:58]} 37. Rg2 {[%clk 0:18:13]} Bg3
{[%clk 0:06:20]} 38. Re2 {[%clk 0:17:39]} Nd8 {[%clk 0:06:18]} 39. Bg2
{[%clk 0:16:38]} Nf7 {[%clk 0:06:33]} 40. Ra2 {[%clk 0:08:53]} Ng5
{[%clk 0:06:19]} 41. Nd3 {[%clk 0:06:22]} Nxh3+ {[%clk 0:28:58]} 42. Kf1
{[%clk 0:35:19]} Bxc4 {[%clk 0:26:30]} 43. Rb2 {[%clk 0:33:03]} Ng5
{[%clk 0:26:24]} 44. Kg1 {[%clk 0:31:15]} Kg6 {[%clk 0:23:47]} 45. Qd1
{[%clk 0:27:53]} Qh7 {[%clk 0:22:40]} 46. Bf1 {[%clk 0:22:09]} Rh1+
{[%clk 0:22:48]} 47. Kg2 Qh2# 0-1

[Event "Danish CPH 2023 for 50+ and 65+"]
[Site "Nyhavnsgade 14, 2. sal. 9000 Aalborg"]
[Date "2023.02.22"]
[Round "4.7"]
[White "Lytzen, Lars Erik"]
[Black "Hein, Jacob"]
[Result "0-1"]
[BlackElo "1341"]
[WhiteElo "1306"]
[LiveChessVersion "1.4.8"]

1. Nf3 {[%clk 1:30:57]} Nf6 {[%clk 1:30:39]} 2. b3 {[%clk 1:31:18]} g6
{[%clk 1:30:59]} 3. Bb2 {[%clk 1:31:43]} Bg7 {[%clk 1:31:28]} 4. d3
{[%clk 1:31:39]} c5 {[%clk 1:31:50]} 5. Nbd2 {[%clk 1:32:02]} Nc6
{[%clk 1:32:07]} 6. g3 {[%clk 1:32:19]} b5 {[%clk 1:32:04]} 7. Bg2
{[%clk 1:32:38]} Bb7 {[%clk 1:32:28]} 8. O-O {[%clk 1:32:41]} O-O
{[%clk 1:32:54]} 9. e4 {[%clk 1:32:30]} Qb6 {[%clk 1:33:18]} 10. a3
{[%clk 1:31:27]} Rad8 {[%clk 1:31:55]} 11. Re1 {[%clk 1:27:42]} c4
{[%clk 1:31:46]} 12. dxc4 {[%clk 1:26:27]} Ng4 {[%clk 1:32:09]} 13. Qb1
{[%clk 1:23:50]} Nxf2 {[%clk 1:32:02]} 14. Kf1 {[%clk 1:22:33]} Ng4
{[%clk 1:32:18]} 15. Re2 {[%clk 1:17:43]} Ne3+ {[%clk 1:32:38]} 16. Ke1
{[%clk 1:16:25]} bxc4 {[%clk 1:31:05]} 17. Bxg7 {[%clk 1:15:31]} Nxg2+
{[%clk 1:31:23]} 18. Rxg2 {[%clk 1:15:36]} Kxg7 {[%clk 1:31:40]} 19. Nxc4
{[%clk 1:13:25]} Qc7 {[%clk 1:31:43]} 20. Qb2+ {[%clk 1:12:14]} f6
{[%clk 1:32:07]} 21. Re2 {[%clk 1:11:20]} Ba6 {[%clk 1:30:23]} 22. Qc3
{[%clk 1:10:51]} h6 {[%clk 1:29:09]} 23. Rb1 {[%clk 1:08:49]} d5 {[%clk 1:29:31]}
24. exd5 {[%clk 1:07:44]} Rxd5 {[%clk 1:29:52]} 25. Kf2 {[%clk 1:06:24]} Rf5
{[%clk 1:30:10]} 26. Re3 {[%clk 1:06:02]} e5 {[%clk 1:29:33]} 27. Kg2
{[%clk 1:02:56]} Rxf3 {[%clk 1:29:27]} 28. Rxf3 {[%clk 1:01:24]} Nd4
{[%clk 1:29:52]} 29. Rf2 Bb7+ 30. Kh3 {[%clk 0:51:35]} Qd7+ {[%clk 1:30:01]} 31.
g4 {[%clk 0:51:14]} h5 {[%clk 1:30:25]} 32. Qg3 {[%clk 0:49:51]} Rh8
{[%clk 1:30:17]} 33. Qg1 {[%clk 0:46:51]} hxg4+ {[%clk 1:29:52]} 34. Kg3
{[%clk 0:47:01]} Rh3# {[%clk 1:30:14]} 0-1

[Event "Danish CPH 2023 for 50+ and 65+"]
[Site "Nyhavnsgade 14, 2. sal. 9000 Aalborg"]
[Date "2023.02.24"]
[Round "5.1"]
[White "Nordenbaek, Jan"]
[Black "Oehlerich, Per"]
[Result "1-0"]
[BlackElo "1952"]
[WhiteElo "2122"]
[LiveChessVersion "1.4.8"]

1. e4 {[%clk 1:30:47]} c6 {[%clk 1:30:35]} 2. d4 {[%clk 1:30:58]} d5
{[%clk 1:30:59]} 3. e5 {[%clk 1:30:58]} Bf5 {[%clk 1:30:44]} 4. Nf3
{[%clk 1:31:13]} e6 {[%clk 1:30:02]} 5. Be2 {[%clk 1:31:33]} Nd7 {[%clk 1:28:50]}
6. O-O {[%clk 1:31:36]} c5 {[%clk 1:27:57]} 7. c4 {[%clk 1:28:35]} dxc4
{[%clk 1:15:05]} 8. Na3 {[%clk 1:25:59]} Ne7 {[%clk 1:05:48]} 9. Bg5
{[%clk 1:20:27]} f6 {[%clk 1:03:00]} 10. Nxc4 {[%clk 1:20:37]} Nd5
{[%clk 0:53:32]} 11. exf6 {[%clk 1:11:41]} gxf6 {[%clk 0:50:37]} 12. Nh4
{[%clk 0:45:57]} Bg6 {[%clk 0:44:57]} 13. Be3 {[%clk 0:41:45]} b5
{[%clk 0:31:54]} 14. Na3 {[%clk 0:39:11]} a6 {[%clk 0:31:57]} 15. Nc2
{[%clk 0:34:17]} Nxe3 {[%clk 0:26:06]} 16. Nxe3 {[%clk 0:32:55]} cxd4
{[%clk 0:24:03]} 17. Nxg6 {[%clk 0:32:15]} hxg6 {[%clk 0:23:55]} 18. Qxd4
{[%clk 0:32:30]} Ne5 {[%clk 0:08:41]} 19. Qe4 {[%clk 0:31:18]} Kf7
{[%clk 0:03:10]} 20. Rfd1 {[%clk 0:30:27]} Qb8 {[%clk 0:02:31]} 21. f4
{[%clk 0:30:28]} Bc5 {[%clk 0:01:02]} 22. fxe5 {[%clk 0:29:27]} f5
{[%clk 0:01:18]} 23. Qf4 {[%clk 0:20:23]} g5 {[%clk 0:01:20]} 24. Qxg5
{[%clk 0:20:24]} Qxe5 {[%clk 0:01:02]} 25. Bh5+ {[%clk 0:20:36]} Kf8
{[%clk 0:00:34]} 26. Re1 {[%clk 0:16:10]} Qxb2 {[%clk 0:00:35]} 27. Kh1
{[%clk 0:15:59]} Bxe3 {[%clk 0:00:47]} 28. Qxe3 {[%clk 0:16:19]} Rxh5
{[%clk 0:00:56]} 29. Qf3 {[%clk 0:16:38]} Rxh2+ {[%clk 0:00:38]} 30. Kxh2
{[%clk 0:16:58]} Qh8+ {[%clk 0:00:58]} 31. Qh3 {[%clk 0:17:08]} 1-0

[Event "Danish CPH 2023 for 50+ and 65+"]
[Site "Nyhavnsgade 14, 2. sal. 9000 Aalborg"]
[Date "2023.02.24"]
[Round "5.2"]
[White "Westenborg, Allan"]
[Black "Steffensen, Elena"]
[Result "0-1"]
[BlackElo "2024"]
[WhiteElo "1772"]
[LiveChessVersion "1.4.8"]

1. d4 {[%clk 1:30:54]} g6 {[%clk 1:30:55]} 2. Bf4 {[%clk 1:31:17]} Bg7
{[%clk 1:31:17]} 3. Nc3 {[%clk 1:31:36]} d6 {[%clk 1:29:56]} 4. e4
{[%clk 1:31:01]} c6 {[%clk 1:28:02]} 5. Nf3 {[%clk 1:25:04]} Qb6 {[%clk 1:22:58]}
6. Rb1 {[%clk 1:21:57]} Bg4 {[%clk 1:21:15]} 7. Be3 {[%clk 1:22:03]} Nd7
{[%clk 1:10:43]} 8. Bc4 {[%clk 1:19:28]} Ngf6 {[%clk 1:02:55]} 9. Qd2
{[%clk 1:16:27]} Qb4 {[%clk 0:57:36]} 10. Bb3 {[%clk 1:14:37]} Bxf3
{[%clk 0:52:25]} 11. gxf3 {[%clk 1:15:02]} O-O {[%clk 0:52:05]} 12. Rd1
{[%clk 1:08:32]} c5 {[%clk 0:49:30]} 13. a3 {[%clk 1:07:26]} Qa5 {[%clk 0:49:15]}
14. O-O {[%clk 0:59:52]} cxd4 {[%clk 0:47:19]} 15. Bxd4 {[%clk 0:59:49]} Qh5
{[%clk 0:46:21]} 16. Rfe1 {[%clk 0:40:50]} Bh6 {[%clk 0:44:17]} 17. Qe2
{[%clk 0:40:41]} Bf4 {[%clk 0:43:11]} 0-1

[Event "Danish CPH 2023 for 50+ and 65+"]
[Site "Nyhavnsgade 14, 2. sal. 9000 Aalborg"]
[Date "2023.02.24"]
[Round "5.3"]
[White "Gronhoj, Benny"]
[Black "Nielsen, Niels-Peter"]
[Result "0-1"]
[BlackElo "2030"]
[WhiteElo "1929"]
[LiveChessVersion "1.4.8"]

1. e4 {[%clk 1:30:57]} c5 {[%clk 1:30:57]} 2. Nf3 {[%clk 1:31:17]} d6
{[%clk 1:31:22]} 3. d4 {[%clk 1:31:31]} cxd4 {[%clk 1:31:48]} 4. Nxd4
{[%clk 1:31:50]} Nf6 {[%clk 1:32:11]} 5. Nc3 {[%clk 1:31:33]} a6 {[%clk 1:32:36]}
6. Bd3 {[%clk 1:28:28]} Nbd7 {[%clk 1:23:56]} 7. O-O {[%clk 1:27:02]} g6
{[%clk 1:20:35]} 8. Be3 {[%clk 1:22:46]} Bg7 {[%clk 1:16:12]} 9. f4
{[%clk 1:19:46]} O-O {[%clk 1:12:20]} 10. f5 {[%clk 1:17:26]} Ne5
{[%clk 1:12:09]} 11. Be2 {[%clk 1:11:31]} b5 {[%clk 1:07:27]} 12. a3
{[%clk 0:57:26]} Bb7 {[%clk 1:05:04]} 13. Bf3 {[%clk 0:52:33]} Nfd7
{[%clk 1:00:17]} 14. Nd5 {[%clk 0:47:36]} Nc4 {[%clk 0:52:59]} 15. Bg5
{[%clk 0:43:38]} Bxd5 {[%clk 0:52:21]} 16. exd5 {[%clk 0:43:53]} Nxb2
{[%clk 0:48:52]} 17. Qd2 {[%clk 0:43:49]} Nc4 {[%clk 0:49:10]} 18. Qf2
{[%clk 0:43:50]} Nde5 {[%clk 0:43:18]} 19. Rae1 {[%clk 0:41:57]} Nxf3+
{[%clk 0:39:39]} 20. Nxf3 {[%clk 0:42:15]} Ne5 {[%clk 0:39:58]} 21. Kh1
{[%clk 0:40:17]} Bf6 {[%clk 0:35:13]} 22. Qh4 {[%clk 0:36:02]} Rc8
{[%clk 0:32:12]} 23. Bxf6 {[%clk 0:26:43]} exf6 {[%clk 0:30:09]} 24. Nd4
{[%clk 0:26:49]} Rc4 {[%clk 0:29:23]} 25. Re4 {[%clk 0:23:13]} Kg7
{[%clk 0:28:41]} 26. Qf4 {[%clk 0:20:58]} g5 {[%clk 0:23:46]} 27. Qd2
{[%clk 0:18:18]} Qa8 {[%clk 0:22:15]} 28. Qe2 {[%clk 0:15:25]} Qxd5
{[%clk 0:21:23]} 29. Rd1 {[%clk 0:15:11]} Qb7 {[%clk 0:19:23]} 30. Re3
{[%clk 0:14:45]} Rfc8 {[%clk 0:16:42]} 31. h4 {[%clk 0:11:28]} h6
{[%clk 0:16:32]} 32. Qe1 {[%clk 0:11:20]} Qb6 {[%clk 0:13:02]} 33. Qd2
{[%clk 0:10:23]} Qc7 {[%clk 0:11:32]} 34. hxg5 {[%clk 0:09:45]} hxg5
{[%clk 0:11:42]} 35. Rg3 {[%clk 0:07:30]} Rh8+ {[%clk 0:07:23]} 36. Kg1
{[%clk 0:07:39]} Kf8 {[%clk 0:04:01]} 37. Rxg5 {[%clk 0:03:47]} Rxd4
{[%clk 0:03:38]} 38. Qxd4 {[%clk 0:03:49]} fxg5 {[%clk 0:03:58]} 39. f6
{[%clk 0:04:04]} Rh4 {[%clk 0:03:07]} 40. Qd2 {[%clk 0:03:14]} Qc5+
{[%clk 0:02:53]} 41. Kf1 {[%clk 0:02:16]} Rf4+ {[%clk 0:02:42]} 0-1

[Event "Danish CPH 2023 for 50+ and 65+"]
[Site "Nyhavnsgade 14, 2. sal. 9000 Aalborg"]
[Date "2023.02.24"]
[Round "5.4"]
[White "Pors, Kim"]
[Black "Fischer, Johan"]
[Result "1/2-1/2"]
[BlackElo "1827"]
[WhiteElo "1406"]
[LiveChessVersion "1.4.8"]

1. Nf3 {[%clk 1:30:49]} Nf6 {[%clk 1:30:14]} 2. d4 {[%clk 1:30:52]} b6
{[%clk 1:27:34]} 3. g3 {[%clk 1:29:39]} Bb7 {[%clk 1:27:54]} 4. Bg2
{[%clk 1:29:42]} g6 {[%clk 1:25:52]} 5. c3 {[%clk 1:22:06]} Bg7 {[%clk 1:26:04]}
6. Nbd2 {[%clk 1:20:28]} d6 {[%clk 1:22:52]} 7. Qc2 {[%clk 1:17:31]} c5
{[%clk 1:18:17]} 8. dxc5 {[%clk 1:16:24]} bxc5 {[%clk 1:17:16]} 9. O-O
{[%clk 1:16:06]} O-O {[%clk 1:17:17]} 10. Re1 {[%clk 1:16:26]} Nbd7
{[%clk 1:13:39]} 11. e4 {[%clk 1:11:44]} Qc7 {[%clk 1:04:43]} 12. Qd3
{[%clk 0:55:37]} Ng4 {[%clk 1:00:32]} 13. h3 {[%clk 0:53:43]} Nge5
{[%clk 1:00:54]} 14. Nxe5 {[%clk 0:53:19]} Nxe5 {[%clk 1:01:03]} 15. Qc2
{[%clk 0:52:50]} Rab8 {[%clk 0:52:17]} 16. Nf3 {[%clk 0:49:26]} Nd7
{[%clk 0:51:31]} 17. Bf4 {[%clk 0:41:35]} Bc6 {[%clk 0:47:54]} 18. Rab1
{[%clk 0:35:32]} Qb7 {[%clk 0:41:42]} 19. Nd2 {[%clk 0:34:42]} a5
{[%clk 0:38:17]} 20. f3 {[%clk 0:29:07]} Qc7 {[%clk 0:32:27]} 21. Nf1
{[%clk 0:25:18]} Rb6 {[%clk 0:31:37]} 22. Qd2 {[%clk 0:21:40]} Rfb8
{[%clk 0:31:12]} 23. Re2 {[%clk 0:19:25]} Bb5 {[%clk 0:29:50]} 24. Ree1
{[%clk 0:17:50]} Ne5 {[%clk 0:29:18]} 25. Bxe5 {[%clk 0:16:51]} Bxe5
{[%clk 0:29:38]} 26. f4 {[%clk 0:17:07]} Bg7 {[%clk 0:29:52]} 27. Ne3
{[%clk 0:16:37]} e6 {[%clk 0:27:51]} 28. c4 {[%clk 0:13:16]} Bc6 {[%clk 0:28:11]}
29. b3 {[%clk 0:11:14]} a4 {[%clk 0:27:21]} 30. Ng4 {[%clk 0:08:08]} h5
{[%clk 0:26:43]} 31. Ne3 {[%clk 0:06:53]} Bd4 {[%clk 0:25:49]} 32. Kh2
{[%clk 0:07:03]} Qb7 {[%clk 0:25:23]} 33. Nc2 {[%clk 0:07:10]} e5
{[%clk 0:24:31]} 34. Nxd4 {[%clk 0:07:11]} exd4 {[%clk 0:24:10]} 35. Re2
{[%clk 0:05:21]} axb3 {[%clk 0:23:44]} 36. axb3 {[%clk 0:04:39]} Rxb3
{[%clk 0:24:04]} 37. Rxb3 {[%clk 0:04:25]} Qxb3 {[%clk 0:24:25]} 38. f5
{[%clk 0:03:44]} Kg7 {[%clk 0:19:02]} 39. fxg6 {[%clk 0:02:49]} fxg6
{[%clk 0:19:02]} 40. Qg5 {[%clk 0:01:29]} Rf8 {[%clk 0:04:10]} 41. Qe7+
{[%clk 0:29:57]} Rf7 {[%clk 0:32:50]} 42. Qxd6 {[%clk 0:28:02]} Qxc4
{[%clk 0:32:17]} 43. Qe5+ {[%clk 0:26:20]} Kh7 {[%clk 0:32:00]} 44. Rb2
{[%clk 0:25:17]} Bb7 {[%clk 0:21:28]} 45. Rb6 {[%clk 0:17:34]} d3
{[%clk 0:18:25]} 46. Rd6 {[%clk 0:16:44]} Rg7 {[%clk 0:10:45]} 47. Rd8
{[%clk 0:10:36]} Qf7 {[%clk 0:08:58]} 48. Rxd3 {[%clk 0:09:56]} Qe7
{[%clk 0:08:52]} 49. Qf4 {[%clk 0:09:25]} Rf7 {[%clk 0:09:10]} 50. Qe3
{[%clk 0:08:28]} c4 {[%clk 0:08:42]} 51. Rd2 {[%clk 0:06:04]} Qe6
{[%clk 0:08:46]} 52. Re2 {[%clk 0:04:08]} Re7 {[%clk 0:08:39]} 53. Qc3
{[%clk 0:03:36]} Ba6 {[%clk 0:08:40]} 54. e5 {[%clk 0:03:34]} Bb7
{[%clk 0:08:44]} 55. Bxb7 {[%clk 0:03:52]} Rxb7 {[%clk 0:09:07]} 56. Rf2
{[%clk 0:04:01]} Rf7 {[%clk 0:09:14]} 57. Rxf7+ {[%clk 0:04:25]} Qxf7
{[%clk 0:09:40]} 58. Kg2 {[%clk 0:04:29]} Qd5+ {[%clk 0:09:42]} 59. Kh2
{[%clk 0:04:08]} Qd3 {[%clk 0:09:24]} 60. Qa5 {[%clk 0:04:07]} c3
{[%clk 0:09:08]} 61. Qc7+ {[%clk 0:04:24]} Kh6 {[%clk 0:09:05]} 62. Qf7
{[%clk 0:03:57]} Qe2+ {[%clk 0:09:08]} 63. Kg1 {[%clk 0:03:54]} Qxe5
{[%clk 0:09:30]} 64. Qf8+ {[%clk 0:03:49]} Qg7 {[%clk 0:09:54]} 65. Qf4+
{[%clk 0:03:55]} g5 {[%clk 0:09:53]} 66. Qd6+ {[%clk 0:03:41]} Qg6
{[%clk 0:09:41]} 67. Qf8+ {[%clk 0:03:53]} Kh7 {[%clk 0:09:58]} 68. Qe7+
{[%clk 0:04:11]} Qg7 {[%clk 0:10:22]} 69. Qe4+ {[%clk 0:04:32]} Kg8
{[%clk 0:10:29]} 70. Qc4+ {[%clk 0:04:45]} Kf8 {[%clk 0:10:44]} 71. Qc8+
{[%clk 0:04:54]} Kf7 {[%clk 0:11:03]} 72. Qc7+ {[%clk 0:05:02]} Kg6
{[%clk 0:11:20]} 73. Qc6+ {[%clk 0:05:04]} Qf6 {[%clk 0:11:43]} 74. Qe8+
{[%clk 0:05:07]} Kh6 {[%clk 0:11:45]} 75. Qd7 {[%clk 0:05:03]} Qb6+
{[%clk 0:11:52]} 76. Kf1 {[%clk 0:05:03]} Qb1+ {[%clk 0:11:34]} 77. Ke2
{[%clk 0:05:01]} Qc2+ {[%clk 0:11:20]} 78. Ke1 {[%clk 0:03:40]} Qe4+
{[%clk 0:11:20]} 79. Kf2 {[%clk 0:03:37]} c2 {[%clk 0:11:19]} 80. Qd6+
{[%clk 0:03:41]} Qg6 {[%clk 0:11:29]} 81. Qf8+ {[%clk 0:03:33]} Kh7
{[%clk 0:11:10]} 82. Qe7+ {[%clk 0:03:49]} Kg8 {[%clk 0:11:20]} 83. Qd8+
{[%clk 0:03:58]} Kg7 {[%clk 0:11:42]} 84. Qc8 {[%clk 0:03:29]} Qb6+
{[%clk 0:10:04]} 85. Kg2 {[%clk 0:03:35]} Qb2 {[%clk 0:08:28]} 86. Qd7+
{[%clk 0:03:44]} Kg6 {[%clk 0:07:52]} 87. Qc6+ {[%clk 0:03:52]} Kf7 88. Qd7+ Kg6
{[%clk 0:05:05]} 89. Qc6+ {[%clk 0:04:12]} Kf7 {[%clk 0:03:36]} 1/2-1/2